[Event "LiSB-ch"]
[Site "Heerlen"]
[Date "1999.11.21"]
[Round "4"]
[White "Boonen, Piet"]
[Black "Peeters, Geert"]
[Result "0-1"]
[WhiteElo "1993"]
[BlackElo "2034"]
[PlyCount "82"]
[EventDate "1999.11.20"]
[EventType "swiss"]
[EventRounds "7"]
[EventCountry "NED"]
[SourceTitle "EXT 2001"]
[Source "ChessBase"]
[SourceDate "2000.11.22"]
[SourceVersion "1"]
[SourceVersionDate "2000.11.22"]
[SourceQuality "1"]

1. e4 c5 2. Nc3 Nc6 3. g3 g6 4. Bg2 Bg7 5. d3 d6 6. f4 e6 7. Nf3 Nge7 8. 0-0 0-0 9. Ne2 f5 10. c3 Rb8 11. Be3 b6 12. Qc2 Kh8 13. Rad1 Qc7 14. Bf2 Bb7 15. exf5 gxf5 16. Rfe1 Rbe8 17. d4 c4 18. b3 Na5 19. Nc1 Nd5 20. b4 Nc6 21. b5 Na5 22. Ng5 Qd7 23. a4 Rf6 24. Re2 h6 25. Nf3 Rg6 26. Rde1 Nxf4 27. Nh4 Nxe2+ 28. Nxe2 Rg4 29. Bxb7 Nxb7 30. Nf4 Bf6 31. Nf3 d5 32. Kg2 Nd6 33. h3 Rxf4 34. gxf4 Rg8+ 35. Kh2 Ne4 36. Rg1 Rxg1 37. Nxg1 Qd6 38. Be3 Qa3 39. Bd2 Qb3 40. Qc1 Qxa4 41. Nf3 Qxb5 0-1